000 00403nam a22001697a 4500
003 MPLRDC
005 20220104123955.0
008 210129b ||||| |||| 00| 0 eng d
082 _a802.2 JZ
100 _a蒋周
245 _a汉字浅说
_c
250 _a初版
260 _a
_b香港南天书业公司
_c1961
300 _b
650 _a中国语言--字书; 文字
942 _cBK
_o802.2 JZ
999 _c15645
_d15635